000 00692nam a2200253Ia 4500
003 OSt
005 20220928130331.0
006 a|||||r|||| 00| 0
007 ta
008 220927b |||||||| |||| 00| 0 eng d
024 _a69482
037 _cTextual
040 _aSDCL
_cSDCL
_beng
041 _2eng
_aeng
082 _aX:75.2'N7, P5
100 _aFrankel Francine R
_9458702
245 0 _aIndia's political economy 1947-2004
_bThe gradual revolution
250 _a2
260 _aNew Delhi
_bOxford University Press
_c2005
300 _axx,819p
_ccm.
650 _aPlanning
942 _hX:75.2'N7, P5
_cTEXL
_2CC
999 _c786126
_d786126